Premières comédies (Record no. 165142)

MARC details
000 -LEADER
campo de control de longitud fija 00814nam a2200181 i 4500
001 - NÚMERO DE CONTROL
campo de control 165142
003 - IDENTIFICADOR DE NÚMERO DE CONTROL
campo de control ES-MaACL
005 - FECHA Y HORA DE LA ÚLTIMA TRANSACCIÓN
campo de control 20230906213056.0
008 - DATOS DE LONGITUD FIJA--INFORMACIÓN GENERAL
campo de control de longitud fija 050816s1868 fr | |||||||| ||fre d
040 ## - FUENTE DE CATALOGACIÓN
Centro catalogador/agencia de origen CAM
Lengua de catalogación spa
Centro/agencia transcriptor CAM
100 1# - ENTRADA PRINCIPAL--NOMBRE DE PERSONA
Nombre de persona Séjourné, Emile.
9 (RLIN) 133093
245 10 - MENCIÓN DEL TÍTULO
Título Premières comédies
Resto del título : La dot de Nancy; A quelque chose malheur est bon; Le docteur Rivol; Que dira le monde? /
Mención de responsabilidad, etc. par Emile Séjourné; [préface de L. Méry].
260 ## - PUBLICACIÓN, DISTRIBUCIÓN, ETC.
Lugar de publicación, distribución, etc. Paris :
Nombre del editor, distribuidor, etc. Librairie Internationale :
-- A. Lacroix, Verboeckhoven et c\pe\s éditeurs,
Fecha de publicación, distribución, etc. 1868 (
Lugar de fabricación/manufactura Marseille :
Fabricante Imp. Nouv. A. Arnaud)
300 ## - DESCRIPCIÓN FÍSICA
Extensión 233 p. ;
Dimensiones 21 cm.
594 ## - Nota al título y mención de responsabilidad
Nota al título y mención de responsabilidad Prologuista tomado de la cub. original.
700 1# - ENTRADA AGREGADA--NOMBRE PERSONAL
Nombre de persona Méry, L.
9 (RLIN) 130358
852 ## - LOCALIZACIÓN
Ubicación ES-MaACL
Número de control de estantería T-730-F-1
Nota libre -- Enc. hol. conservando la cub. original
-- -- Enc. en un vol. facticio
Holdings
Estatus retirado Estado de pérdida Estado de daño No para préstamo Colección Biblioteca de origen Biblioteca actual Ubicación en estantería Fecha de adquisición Total de préstamos Signatura topográfica completa Código de barras Visto por última vez Precio de reemplazo Tipo de ítem Koha
        Colección de folletos Biblioteca del Ateneo de Madrid Biblioteca del Ateneo de Madrid Depósito folletos 17/01/2008   T-730-F-1 1173156 23/02/2023 23/02/2023 Folleto